FIFA 21 the Netherlands All Gold Players - Statistics

General Stats
  • This quiz has been taken 69 times
  • The average score is 32 of 71
Answer Stats
Rating Pos. Club Player % Correct
85 CM Barcelona Frenkie de Jong
100%
85 CM Liverpool Georginio Wijnaldum
100%
85 CF Lyon Memphis Depay
100%
90 CB Liverpool Virgil van Dijk
100%
80 ST Sevilla Luuk de Jong
98%
85 CB Juventus Matthijs de Ligt
98%
84 CB Inter Stefan de Vrij
98%
83 CM Man United Donny van de Beek
95%
81 GK Valencia Jasper Cillessen
91%
82 CB Ajax Daley Blind
90%
79 CB Man City Nathan Ake
88%
83 LM Spurs Steven Bergwijn
88%
81 ST Wolfsburg Wout Weghorst
81%
81 CM Atalanta Marten de Roon
78%
80 RM Groningen Arjen Robben
74%
81 RW Feyenoord Steven Berghuis
71%
78 RM Atalanta Hans Hateboer
67%
79 RB PSV Denzel Dumfries
66%
77 CB Brighton Joel Veltman
62%
78 ST PSV Donyell Malen
57%
75 GK Norwich Tim Krul
57%
78 ST Frankfurt Bas Dost
53%
82 CAM Ajax Quincy Promes
53%
77 LB Crystal Palace Patrick van Aanholt
52%
75 RB AS Roma Rick Karsdorp
52%
77 LW Galatasaray Ryan Babel
52%
77 CM Ajax Davy Klaassen
50%
77 CM Marseille Kevin Strootman
50%
76 GK Spezia Jeroen Zoet
48%
78 CDM AZ Teun Koopmeiners
47%
77 LB Leverkusen Daley Sinkgraven
43%
77 RB Fulham Kenny Tete
43%
77 LWB Frankfurt Jetro Willems
41%
75 RW Aston Villa Anwar El Ghazi
36%
78 RW AZ Calvin Stengs
36%
76 RM Besiktas Jeremain Lens
36%
79 GK AZ Marco Bizot
36%
77 CM Brugge Ruud Vormer
31%
76 GK Feyenoord Justin Bijlow
29%
76 GK LAFC Kenneth Vermeer
29%
77 LB AZ Owen Wijndal
29%
76 ST Monterrey Vincent Janssen
29%
75 RB Watford Daryl Janmaat
28%
76 CM Brighton Davy Propper
28%
75 LM Hertha Javairo Dilrosun
28%
75 CB Sevilla Karim Rekik
28%
75 GK Freiburg Mark Flekken
28%
75 LB Feyenoord Tyrell Malacia
28%
76 CAM Mainz Jean Paul Boetius
26%
76 CB Galatasaray Ryan Donk
26%
75 ST AZ Myron Boadu
24%
75 CB Lazio Wesley Hoedt
24%
75 CM Heerenveen Joey Veerman
22%
75 CB PSV Nick Viergever
22%
77 LB Feyenoord Ridgeciano Haps
22%
75 GK Groningen Sergio Padt
22%
75 RW Utrecht Gyrano Kerk
19%
76 CB Augsburg Jeffrey Gouweleeuw
19%
75 CM PSV Jorrit Hendrix
19%
75 ST Cincinatti Jurgen Locadia
19%
76 CDM Feyenoord Leroy Fer
19%
75 RB Hertha Deyvasio Zeefuik
17%
77 CAM PSV Mohamed Ihattaren
17%
76 RB Ajax Sean Klaiber
17%
75 CM Utrecht Adam Maher
16%
75 LM Bournemouth Danjuma Groeneveld
16%
75 CAM PAOK Diego Biseswar
16%
75 CDM PSV Pablo Rosario
16%
76 LW Utrecht Eljero Elia
12%
75 CM Feyenoord Jens Toornstra
12%
75 CM PSV Marco van Ginkel
9%
No matching quizzes found
Score Distribution
Percent of People with Each Score
Percentile by Number Answered
Your Score History
You have not taken this quiz